[Event "Marseille op 2nd "]
[Site "Marseille"]
[Date "2009.12.28"]
[Round "5"]
[White "Vaisse, Kevin"]
[Black "Remille, Tristan"]
[Result "0-1"]
[WhiteElo "1942"]
[BlackElo "2206"]
[PlyCount "70"]
[EventDate "2009.12.26"]
[EventType "swiss"]
[EventRounds "9"]
[EventCountry "FRA"]
[SourceTitle "CBM 134 Extra"]
[Source "ChessBase"]
[SourceDate "2010.03.03"]
[SourceVersion "1"]
[SourceVersionDate "2010.03.03"]
[SourceQuality "1"]

1. e4 c5 2. Nf3 d6 3. d4 cxd4 4. Nxd4 Nf6 5. Nc3 a6 6. Be2 e6 7. Be3 Be7 8. 0-0 0-0 9. a4 Nc6 10. f4 Qc7 11. Kh1 Re8 12. Bf3 Rb8 13. g4 Nxd4 14. Bxd4 e5 15. Be3 exf4 16. Bxf4 Be6 17. Qe2 Bc4 18. Qd2 Bxf1 19. Rxf1 Qa5 20. g5 Nd7 21. Bxd6 Bxd6 22. Qxd6 Ne5 23. Qd5 Qc7 24. Qb3 Rbc8 25. Bh5 Qc4 26. Qxc4 Rxc4 27. Rd1 Rc5 28. Rd5 Rxd5 29. exd5 Nc4 30. b3 Nd6 31. h4 Rc8 32. Nd1 Rxc2 33. Ne3 Rc3 34. Nc4 Nxc4 35. bxc4 Rxc4 0-1